Manténganse activo

保存先:
書誌詳細
第一著者: Graham, Margaret (著者)
フォーマット: 図書
言語:スペイン語
出版事項: Barcelona Urano 1989
主題:
タグ: タグ追加
タグなし, このレコードへの初めてのタグを付けませんか!

MARC

LEADER 00000nam a2200000 a 4500
001 UCY5545
003 CL-VaPUC
008 950511e19890000SP |||||||||||||||||spa|d
082 0 4 |a 613.704  |b GRA  |2 21 
100 0 |a Graham, Margaret  |e author  |9 334422 
245 1 0 |a Manténganse activo 
246 1 0 |a Ejercicios suaves de yoga para las personas mayores 
300 |a 168 p 
942 |c BK 
945 |d 19950511 00:00:00  |a rbrito 
260 |a Barcelona  |b Urano  |c 1989 
650 0 |a Yoga   |9 312609 
650 0 |a Tercera edad   |9 307285 
650 7 |a EJERCICIOS PARA ADULTO MAYOR  |2 CL-VaPUC  |9 334423 
583 |a last modification  |c 19950511 00:00:00  |k Rodrigo Vera 
999 |c 233189  |d 233187 
952 |0 0  |1 0  |4 0  |6 613_704000000000000_GRA_1989  |7 0  |8 A  |9 238504  |a BIBEDU  |b BIBEDU  |c ES_NOD  |d 2019-11-18  |i 3084191  |l 1  |o 613.704 GRA 1989  |p 3084191  |r 2023-08-09  |s 2022-04-12  |w 2019-11-18  |y BK  |k EFI